| 000 | 00858nam a22002057a 4500 | ||
|---|---|---|---|
| 005 | 20250724151244.0 | ||
| 010 | _aHIN-129987 | ||
| 020 |
_c350.00 _a9789360625139 |
||
| 020 |
_a9789360625139 _c350.00 |
||
| 035 | _aHN-102333 | ||
| 037 | _bDBAD | ||
| 082 | _a821 | ||
| 100 |
_aझिन्झान्वी, अली अफजल _983312 |
||
| 245 |
_aपौधे मेरे लगाए हुए / _cअली अफजल झिन्झान्वी |
||
| 260 |
_aदिल्ली _bएजुकेशनल पब्लिशिंग हाउस _c2025 |
||
| 270 |
_aअंसारी रोड, दरयागंज , नई दिल्ली _bनई दिल्ली _e110002 |
||
| 300 |
_a231पृ. _c22 सेमी (अजिल्द) |
||
| 490 | _v821 | ||
| 942 |
_2ddc _cHN _h821 _mझिन्झा |
||
| 999 |
_c212587 _d212587 |
||